| 000 | 01604nam a2200325 a 4500 | ||
|---|---|---|---|
| 001 | BRCA_3377 | ||
| 005 | 20190320204242.0 | ||
| 041 | _aeng | ||
| 044 | _aenk | ||
| 084 |
_a666 _b.G693 _c1901 |
||
| 100 | 1 |
_aCervantes Saavedra, Miguel de _d1547-1616 _9213 |
|
| 245 | 1 | 0 |
_aDon Quixote _cTranslated by John Ormsby. |
| 260 |
_aGlasgow _bGowans and Gray _c1901 |
||
| 300 |
_a4 v. _c18 cm. |
||
| 440 | 0 |
_aThe Complete Works of Miguel de Cervantes _v3,4,5 y 6 _98887 |
|
| 500 | _aContenido : v.1. Primera parte. Introducción por J. Fitzmaurice-Kelly. Nota biográfica, dedicatoria y prólogo del autor. Versos preliminares. -- v.2. Primera parte. Texto. -- v.3. Segunda parte. Dedicatoria y prólogo del autor. -- v.4. Segunda parte. Texto. Proverbios de Don Quijote | ||
| 500 | _aEdición : Edited by James Fitzmaurice-Kelly | ||
| 500 | _aTraducción de John Ormsby, editada, prolongada y anotada por el conocido hispanista inglés J. Fitzmaurice-Kelly, autor de una biografía de Cervantes. Sus notas y comentarios son eruditos, pero el tono demasiado frío. Tela Lúdovik Osterc | ||
| 500 | _aQM489A | ||
| 546 | _aTexto en : inglés | ||
| 650 | 1 | 4 |
_aNovela española _yÉpoca clásica, 1500-1700 _9215 |
| 650 | 1 | 4 |
_aLiteratura española _yÉpoca clásica, 1500-1700 _9216 |
| 650 | 1 | 4 |
_aNovela española _ySiglo XVII _9217 |
| 650 | 1 | 4 |
_aDon Quijote (Personaje fciticio) _eNovela _98888 |
| 700 | 1 |
_aFitzmaurice-Kelly, James _d1858-1923 _eEditor _98889 |
|
| 700 | 1 |
_aOrmsby, John _d1829-1895 _eTraductor _98890 |
|
| 740 | 0 | _aEl Ingenioso Hidalgo Don Quijote de la Mancha | |
| 902 | _aQFM | ||
| 942 |
_2lcc _cB |
||
| 999 |
_c3113 _d3113 |
||